000 00527nam a2200145Ia 4500
008 100204s9999 xx 000 0 und d
082 _b13731
100 _aअभ्यंकर कुसुम
245 _aचौदाव्या मजल्यावरुन
260 _b"शशीदीप प्रकाशन , पुणे"
_c1985
300 _a107
630 _aचौदाव्या मजल्यावरुन
730 _aचौदाव्या मजल्यावरुन
942 _cBOOK
999 _c458163
_d458160